Statistiken für Top 15 Länder mit Covid-19-Todesfällen - 17. November 2021

Klicken Sie hier um das Quiz zu spielen!

Allgemein

  • Dieses Quiz wurde 15 mal gespielt
  • Das Durchschnittsergebnis liegt bei 17 aus 26

Antwortstatistiken

Land% Korrekt
Deutschland
93%
Italien
93%
Russland
93%
Vereinigte Staaten
93%
Brasilien
87%
Frankreich
87%
Mexiko
87%
Vereinigtes Königreich
87%
Argentinien
80%
Kolumbien
80%
Indien
73%
Peru
73%
Iran
60%
Slowenien
60%
Südafrika
60%
Tschechien
60%
Indonesien
53%
Kroatien
53%
Slowakei
53%
Ungarn
53%
Bulgarien
47%
Georgien
47%
Rumänien
47%
Bosnien und Herzegowina
33%
Nordmazedonien
33%
Litauen
20%

Verteilung der Resultate

Perzentil nach korrekt beantworteten Fragen

Anzahl Personen mit jedem Resultat

Ihre Resultats-Entwicklung

Sie haben dieses Quiz noch nicht gespielt